ՀՀ Գիտությունների ազգային ակադեմիայի հիմնարար գիտական գրադարան  =   Fundamental Scientific Library of NAS RA

Служаки: (Record no. 514387)

MARC details
000 -LEADER
fixed length control field 00818nam a22002177a 4500
003 - CONTROL NUMBER IDENTIFIER
control field AM-YEHGA
005 - DATE AND TIME OF LATEST TRANSACTION
control field 20250617163857.0
008 - FIXED-LENGTH DATA ELEMENTS--GENERAL INFORMATION
fixed length control field 210805b ||||| |||| 00| 0 rus d
040 ## - CATALOGING SOURCE
Original cataloging agency AM-YeHGA
041 1# - LANGUAGE CODE
Language code of text/sound track or separate title rus
Language code of original rum
001 - CONTROL NUMBER
control field 1783604
090 ## - LOCALLY ASSIGNED LC-TYPE CALL NUMBER (OCLC); LOCAL CALL NUMBER (RLIN)
-- 517909
100 1# - MAIN ENTRY--PERSONAL NAME
Personal name Дунэряну, Николае.
245 10 - TITLE STATEMENT
Title Служаки:
Remainder of title [Рассказы] /
Statement of responsibility, etc. Н. Дунэряну ; Пер. Н. Строе.
260 ## - PUBLICATION, DISTRIBUTION, ETC.
Place of publication, distribution, etc. Бухарест :
Name of publisher, distributor, etc. Б. и.,
Date of publication, distribution, etc. 1962.
300 ## - PHYSICAL DESCRIPTION
Extent 42 с.
440 #0 - SERIES STATEMENT/ADDED ENTRY--TITLE
Title Б-ка "Народная Румыния"
Volume/sequential designation 1962. 3
505 0# - FORMATTED CONTENTS NOTE
Formatted contents note Служаки; Немой; Повесть одной телеги с волами; В Татаренском лесу; Воспоминания о Короленко
653 0# - INDEX TERM--UNCONTROLLED
Uncontrolled term Румынская литература
942 ## - ADDED ENTRY ELEMENTS (KOHA)
Source of classification or shelving scheme Universal Decimal Classification
Koha item type Գրքեր / Books
Holdings
Withdrawn status Lost status Damaged status Not for loan Collection Home library Current library Date acquired Total checkouts Full call number Barcode Date last seen Price effective from Koha item type Public note
        General Fundamental Scientific Library Fundamental Scientific Library 05/08/2021   РII/58538 FL0655848 05/08/2021 05/08/2021 Գրքեր / Books 30 Days Loan


ՀՀ ԳԱԱ հիմնարար գիտական գրադարան
ՀՀ,Երևան 0019
Մարշալ Բաղրամյան 24/6
հեռախոս:(374-10) 52-47-50
Հետադարձ կապ

All site content, except where otherwise noted, is licensed under a
Creative Commons License